000 00452nam a2200121 4500
999 _c514746
_d514746
082 _aZ2x5442 In2
245 _aSardar Sarovar (Narmada) Project : a success story of rehabilitation
_cby Maharashtra. Relief and Rehabilitation Department
260 _aMumbai
_bRelief and Rehabilitation Department
_c2018
300 _a98p.
650 _aFamines - India - Maharashtra
_919591
650 _aRehabilitation
_919592
650 _aRelief and Rehabilitation
_919593